000 00639nam a2200217 i 4500
001 bg
100 1 _aCzech, Michał.
245 0 _aMechanika techniczna w przykładach i zadaniach.
_nT. 2,
_pDynamika i drgania.
_nCz. 1,
_pDrgania /
_cM. Czech, A. Jakowluk, J. Kołybko.
250 _aWyd. 2 popr.
260 _aBiałystok,
_c1987.
650 9 _aMechanika stosowana
650 9 _adynamika
655 _aĆwiczenia i zadania
700 1 _aJakowluk, Anatoliusz
_d(1929- ).
700 1 _aKołybko, Jerzy.
040 _cBPK
041 _apol
080 _a621.01:531](075.8)
942 _cKS
008 s pl f |000 0 pol
999 _c3704
_d3704
856 _uhttp://koha.tu.koszalin.pl/cgi-bin/koha/opac-detail.pl?biblionumber=3704
_yKatalog online BPK